000 01418cam a2200385 a 4500
001 5175941
003 OSt
005 20180116192429.0
008 910411s1990 ja a b 000 0 jpn
010 _a 91139414
020 _a476610580X
035 _a(CStRLIN)DCLP91-B7580
040 _aDLC-R
_cDLC-RdDLC
041 0 _ajpneng
050 0 0 _aTS171.4
_b.S545 1990
066 _c$1
082 _a741.24
100 1 _6880-01
_aShimizu, Yoshiharu,
_d1934-
_98143
245 1 0 _aCreative marker techniques in combination with mixed media /
_c[chosha Shimizu Yoshiharu].
_6880-02
250 _6880-03
_aShohan.
260 _6880-04
_aTōkyō :
_bGurafikkusha,
_c1990.
300 _a131, [1] p. :
_bill. (some col.) ;
_c30 cm.
500 _aParallel text in English and Japanese.
504 _aIncludes bibliographical references (p. [132]).
650 0 _aIndustrial design
_xTechnique.
_98144
650 0 _aArtists' materials.
_98145
650 0 _aArtists' tools.
_98146
740 0 _aCreative marker techniques in combination with mixed media.
880 1 _6100-01/$1
_a清水吉治,
_d1934-
880 1 0 _6245-02/$1
_aマーカーテクニック =
_bCreative marker techniques in combination with mixed media /
_c[著者清水吉治].
880 _6250-03/$1
_a初版.
880 _6260-04/$1
_a東京 :
_bグラフィック社,
_c1990.
906 _a7
_bcbc
_corignew
_du
_encip
_f19
_gy-rlinjack
942 _2ddc
_cBK
999 _c354092
_d354092